Investments: analysis and management

Guardat en:
Dades bibliogràfiques
Autor principal: Francis, Jack Clark (Autor)
Format: Llibre
Idioma:espanyol
Publicat: Nueva York McGraw-Hill 1986
Edició:4a. ed
Matèries:
Etiquetes: Afegir etiqueta
Sense etiquetes, Sigues el primer a etiquetar aquest registre!

MARC

LEADER 00000nam a2200000 a 4500
001 UCR9239
003 CL-VaPUC
008 980613e19860000US |||||||||||||||||spa|d
082 0 4 |a 332.67  |b FRA  |2 21 
100 0 |a Francis, Jack Clark  |e author  |9 411537 
245 1 0 |a Investments: analysis and management 
250 |a 4a. ed 
300 |a 929 p 
942 |c BK 
945 |d 19980613 00:00:00  |a cmena 
260 |a Nueva York  |b McGraw-Hill  |c 1986 
650 0 |a Inversiones  |9 261520 
650 0 |a Derecho comercial   |9 256340 
650 0 |a Impuestos  |9 255450 
650 0 |a Fuentes de información   |9 337538 
650 0 |a Precios   |9 260787 
650 7 |a TEORIA DE LOS PRECIOS  |2 CL-VaPUC  |9 409183 
583 |a last modification  |c 19980613 00:00:00  |k Rodrigo Vera 
999 |c 270441  |d 270439 
952 |0 0  |1 0  |4 0  |6 332_670000000000000_FRA_1986  |7 0  |8 A  |9 304737  |a BIBGIM  |b BIBGIM  |d 2019-11-20  |i 1415107  |o 332.67 FRA 1986  |p 1415107  |r 2025-01-15  |w 2019-11-20  |y BK  |k COM